|
|
|
|
| LEADER |
01391nam a2200361Ia 4500 |
| 001 |
EBC683422 |
| 003 |
MiAaPQ |
| 005 |
20200520144314.0 |
| 006 |
m o d | |
| 007 |
cr cn||||||||| |
| 008 |
110527s2011 enka sb 000 0 eng d |
| 020 |
|
|
|z 9780857248794
|
| 035 |
|
|
|a (MiAaPQ)EBC683422
|
| 035 |
|
|
|a (Au-PeEL)EBL683422
|
| 035 |
|
|
|a (CaPaEBR)ebr10464505
|
| 035 |
|
|
|a (CaONFJC)MIL307151
|
| 035 |
|
|
|a (OCoLC)714569487
|
| 040 |
|
|
|a MiAaPQ
|c MiAaPQ
|d MiAaPQ
|
| 050 |
|
4 |
|a HG4001
|b .M36373 2010
|
| 245 |
0 |
0 |
|a Managerial finance.
|n Volume 37, Number 3,
|p Special issue on African equity markets
|h [electronic resource] /
|c guest editors: Suzanne G. M. Fifield and David M. Power.
|
| 260 |
|
|
|a [Bradford, UK] :
|b Emerald,
|c 2011.
|
| 300 |
|
|
|a p. 189-311 :
|b ill.
|
| 490 |
0 |
|
|a Managerial finance ;
|v v. 37, no. 3
|
| 504 |
|
|
|a Includes bibliographical references.
|
| 533 |
|
|
|a Electronic reproduction. Ann Arbor, MI : ProQuest, 2015. Available via World Wide Web. Access may be limited to ProQuest affiliated libraries.
|
| 650 |
|
0 |
|a Securities
|z Africa.
|
| 650 |
|
0 |
|a Business enterprises
|x Finance.
|
| 650 |
|
0 |
|a Corporations
|x Finance.
|
| 655 |
|
4 |
|a Electronic books.
|
| 700 |
1 |
|
|a Fifield, S. G. M.
|q (Suzanne G. M.)
|
| 700 |
1 |
|
|a Power, D. M.
|
| 710 |
2 |
|
|a ProQuest (Firm)
|
| 856 |
4 |
0 |
|u https://ebookcentral.proquest.com/lib/matrademy/detail.action?docID=683422
|z Click to View
|